|
|
|
|
| LEADER |
00000nas a2200000 a 4500 |
| 001 |
ssj0000106 |
| 003 |
WaSeSS |
| 005 |
20200512172242.0 |
| 006 |
m d |
| 007 |
cr n |
| 008 |
910408d19912001vaumr p s 0 a0eng c |
| 010 |
|
|
|a 91641384
|z sn 91004013
|
| 016 |
|
|
|a (AMICUS)000010624739
|
| 016 |
7 |
|
|a 9885905
|2 DNLM
|
| 016 |
7 |
|
|a SR0072872
|2 DNLM
|
| 022 |
|
|
|l 1055-9760
|y 1055-9760
|
| 030 |
|
|
|a TRDEEL
|
| 035 |
|
|
|a (WaSeSS)ssj0000106
|
| 040 |
|
|
|a NSD
|b eng
|c NSD
|d WAU
|d IUL
|d DLC
|d NYG
|d NSD
|d AGL
|d CAS
|d HUL
|d NST
|d HUL
|d COO
|d MYG
|d NST
|d NSD
|d NST
|d OCL
|d NST
|d GUA
|d UMC
|d SYS
|d UMC
|d GUA
|d NSD
|d CLU
|d MUQ
|d NYP
|d IUL
|d NLM
|d OCLCQ
|d DLC
|d HUL
|d IHE
|d OCLCQ
|d OCLCF
|d CQ$
|d OCLCO
|d LIP
|d IBO
|d NLC
|d OCLCQ
|d OCLCO
|d OCLCA
|d OCLCQ
|d RDF
|d NJR
|d HBS
|d OCLCA
|d OCLCQ
|d OCLCO
|d UKBTH
|d OCLCQ
|d IUL
|d OCLCO
|d WaSeSS
|
| 042 |
|
|
|a nsdp
|a pcc
|
| 050 |
0 |
0 |
|a HF5549.5.T7
|b A6
|
| 070 |
0 |
|
|a BF636.T7
|
| 072 |
|
0 |
|a X700
|
| 072 |
|
0 |
|a X800
|
| 082 |
1 |
4 |
|a 331
|2 11
|
| 130 |
0 |
|
|a Training & development (Alexandria, Va.)
|
| 210 |
0 |
|
|a Train. dev.
|b (Alex. Va.)
|
| 222 |
|
0 |
|a Training & development
|b (Alexandria, Va.)
|
| 245 |
1 |
0 |
|a Training & development
|h [electronic resource].
|
| 246 |
1 |
|
|i Also known as:
|a Training & development magazine
|
| 246 |
3 |
|
|a Training and development
|
| 260 |
|
|
|a Alexandria, VA :
|b American Society for Training and Development,
|c ©1991-2001.
|
| 310 |
|
|
|a Monthly
|
| 362 |
0 |
|
|a Vol. 45, no. 5 (May 1991)-v. 55, no. 4 (Apr. 2001).
|
| 500 |
|
|
|a Title from cover.
|
| 506 |
|
|
|a License restrictions may limit access.
|
| 525 |
|
|
|a Volumes for <1999-> accompanied by supplements with title: Measurement kit.
|
| 580 |
|
|
|a Has supplements, <1998->: ASTD state of the industry report; <winter 2000-2001->: Performance in practice; ASTD international comparisons report.
|
| 650 |
|
0 |
|a Employees
|x Training of
|v Periodicals.
|
| 650 |
|
6 |
|a Personnel
|x Formation
|v Périodiques.
|
| 650 |
|
7 |
|a Employees
|x Training of.
|2 fast
|0 (OCoLC)fst00909221
|
| 650 |
|
2 |
|a Personnel Management.
|
| 650 |
|
2 |
|a Staff Development.
|
| 650 |
|
2 |
|a Inservice Training.
|
| 653 |
|
|
|a Occupational training
|a Periodicals.
|
| 653 |
|
|
|a Training needs
|a Periodicals.
|
| 655 |
|
0 |
|a Electronic journals.
|
| 710 |
2 |
|
|a American Society for Training and Development.
|
| 740 |
0 |
2 |
|a Measurement kit.
|
| 770 |
0 |
|
|t ASTD state of the industry report
|g <Jan. 1998->
|x 1932-1597
|w (DLC) 00240178
|w (OCoLC)39456561
|
| 770 |
0 |
|
|t Performance in practice
|g <winter 2000-2001>
|w (DLC) 2001251218
|w (OCoLC)46338392
|
| 770 |
0 |
|
|t ASTD international comparisons report
|g 2000-2002
|w (OCoLC)46999133
|
| 780 |
0 |
0 |
|t Training and development journal
|x 0041-0861
|w (DLC) 90645854
|w (OCoLC)1767688
|
| 785 |
0 |
0 |
|t T+D
|x 1535-7740
|w (DLC) 2001233105
|w (OCoLC)46911917
|
| 853 |
2 |
0 |
|8 1
|a v.
|b no.
|i (year)
|j (month)
|
| 856 |
4 |
0 |
|z Full text available from Research Library: 05/01/1991 to 04/30/2001
|u https://search.proquest.com/publication/27021
|
| 863 |
4 |
1 |
|8 1.1
|a 45
|b 5
|i 1991
|j 05
|